<?xml version="1.0" encoding="UTF-8"?>
<record
    xmlns:xsi="http://www.w3.org/2001/XMLSchema-instance"
    xsi:schemaLocation="http://www.loc.gov/MARC21/slim http://www.loc.gov/standards/marcxml/schema/MARC21slim.xsd"
    xmlns="http://www.loc.gov/MARC21/slim">

  <leader>01498nam a22002417a 4500</leader>
  <controlfield tag="003">DO-SdBJH</controlfield>
  <controlfield tag="005">20231122175735.0</controlfield>
  <controlfield tag="008">231122b        |||||||| |||| 00| 0 spa d</controlfield>
  <datafield tag="040" ind1=" " ind2=" ">
    <subfield code="a">DO-SdBJH</subfield>
    <subfield code="b">spa</subfield>
    <subfield code="c">DO-SdBJH</subfield>
  </datafield>
  <datafield tag="090" ind1=" " ind2=" ">
    <subfield code="a">TG AMBC</subfield>
    <subfield code="b">02015 2021</subfield>
  </datafield>
  <datafield tag="100" ind1="1" ind2=" ">
    <subfield code="a">Lorenzo Tejada, Jerome</subfield>
    <subfield code="e">sustentante</subfield>
  </datafield>
  <datafield tag="245" ind1="1" ind2="0">
    <subfield code="a">Propuesta de modernizaci&#xF3;n de la Biblioteca Manuel Corripio Garc&#xED;a de la Academia Militar Batalla de las Carreras (AMBC) antes los avances de la educaci&#xF3;n a distancia / </subfield>
    <subfield code="c"> Jerome Lorenzo Tejada, Emily Rosaio Oviedo, asesores Yesenia Valdez Batista, Francisco Polanco</subfield>
  </datafield>
  <datafield tag="260" ind1=" " ind2=" ">
    <subfield code="a">Santo Domingo Este :</subfield>
    <subfield code="b">INSUDE, </subfield>
    <subfield code="c">2021</subfield>
  </datafield>
  <datafield tag="300" ind1=" " ind2=" ">
    <subfield code="a">xxiv, 81 p&#xE1;ginas, cuadros</subfield>
  </datafield>
  <datafield tag="502" ind1=" " ind2=" ">
    <subfield code="a">Trabajo de grado (Licenciado en Ciencias Militares) -- Instituto Superior para la Defensa (INSUDE).   Academia &#x201C;Militar Batalla de las Carreras&#x201D; del Ej&#xE9;rcito de Rep&#xFA;blica Dominicana, 2021.</subfield>
  </datafield>
  <datafield tag="504" ind1=" " ind2=" ">
    <subfield code="a">Incluye referencias bibliogr&#xE1;ficas e &#xED;ndices</subfield>
  </datafield>
  <datafield tag="505" ind1=" " ind2=" ">
    <subfield code="a">Generalidades sobre la educaci&#xF3;n a distancia. -- Principales herramientas utilizadas por las Tecnolog&#xED;as de informaci&#xF3;n y Comunicaci&#xF3;n (TICs) en la Biblioteca de la AMBC, ERD. -- Presentaci&#xF3;n de resultados de investigaci&#xF3;n </subfield>
  </datafield>
  <datafield tag="700" ind1="1" ind2=" ">
    <subfield code="a"> Rosaio Oviedo, Emily</subfield>
    <subfield code="e">sustentante</subfield>
  </datafield>
  <datafield tag="700" ind1="1" ind2=" ">
    <subfield code="a">Valdez Batista, Yesenia </subfield>
    <subfield code="e">asesor</subfield>
  </datafield>
  <datafield tag="700" ind1="1" ind2=" ">
    <subfield code="a">Polanco, Francisco </subfield>
    <subfield code="e">asesor</subfield>
  </datafield>
  <datafield tag="830" ind1=" " ind2=" ">
    <subfield code="a"> INSUDE.  &#x201C;Academia &#x201C;Militar Batalla de las Carreras&#x201D; del Ej&#xE9;rcito de Rep&#xFA;blica Dominicana&#x201D;.  Tesis y disertaciones.</subfield>
  </datafield>
  <datafield tag="942" ind1=" " ind2=" ">
    <subfield code="2">CL</subfield>
    <subfield code="c">T</subfield>
  </datafield>
  <datafield tag="999" ind1=" " ind2=" ">
    <subfield code="c">7676</subfield>
    <subfield code="d">7676</subfield>
  </datafield>
  <datafield tag="952" ind1=" " ind2=" ">
    <subfield code="0">0</subfield>
    <subfield code="1">0</subfield>
    <subfield code="2">CL</subfield>
    <subfield code="4">0</subfield>
    <subfield code="7">1</subfield>
    <subfield code="8">TG</subfield>
    <subfield code="a">BJHA</subfield>
    <subfield code="b">BJHA</subfield>
    <subfield code="d">2023-11-22</subfield>
    <subfield code="i">21-02015</subfield>
    <subfield code="l">0</subfield>
    <subfield code="o">TG AMBC 02015 2021</subfield>
    <subfield code="p">21-02015</subfield>
    <subfield code="r">2023-11-22 00:00:00</subfield>
    <subfield code="t">e.1</subfield>
    <subfield code="w">2023-11-22</subfield>
    <subfield code="y">T</subfield>
  </datafield>
</record>
